Movies Quiz

Random Movies or Celebrity Quiz

Fill in the Gap | Actresses VIII Quiz Stats

 Plays Quiz not verified by Sporcle

Challenge
Share
Tweet
Embed
Score 0/10 Timer 05:00
0 Plays Today
Hint Answer % Correct
_ i l a / K _ _ i s Mila Kunis
81.4%
D _ k o _ _ / _ a n n _ n gDakota Fanning
76.3%
_ e l _ n / _ u _ tHelen Hunt
67.8%
_ o _ i / C _ l _ e t _ eToni Collette
67.8%
D _ n _ / D _ _ a n y Dana Delany
67.8%
_ e g _ n a / K i _ _ Regina King
62.7%
_ a u _ a / _ r e p o _Laura Prepon
47.5%
L _ u r _ / A i k _ _ nLaura Aikman
47.5%
_ i _ d y / _ a l _ n g Mindy Kaling
42.4%
S _ p _ _ e / N _ l i _ s e Sophie NĂ©lisse
16.9%

You're not logged in!

Compare scores with friends on all Sporcle quizzes.
Join for Free
OR
Log In

You Might Also Like...

Show Comments

Extras

Top Quizzes Today


Score Distribution

Your Account Isn't Verified!

In order to create a playlist on Sporcle, you need to verify the email address you used during registration. Go to your Sporcle Settings to finish the process.

Report this User

Report this user for behavior that violates our Community Guidelines.

Details: